<?xml version="1.0" encoding="UTF-8"?>
<record
    xmlns:xsi="http://www.w3.org/2001/XMLSchema-instance"
    xsi:schemaLocation="http://www.loc.gov/MARC21/slim http://www.loc.gov/standards/marcxml/schema/MARC21slim.xsd"
    xmlns="http://www.loc.gov/MARC21/slim">

  <leader>01548nam a2200301 a 4500</leader>
  <controlfield tag="001">0000419</controlfield>
  <controlfield tag="003">DO-SdBNP</controlfield>
  <controlfield tag="005">20180119154320.0</controlfield>
  <controlfield tag="007">0000419</controlfield>
  <controlfield tag="008">091125s1990  sp a          000 0 spa d</controlfield>
  <datafield tag="020" ind1=" " ind2=" ">
    <subfield code="a">8476556381</subfield>
  </datafield>
  <datafield tag="040" ind1=" " ind2=" ">
    <subfield code="a">BPMSU</subfield>
    <subfield code="b">spa</subfield>
    <subfield code="c">BPMSU</subfield>
  </datafield>
  <datafield tag="100" ind1=" " ind2=" ">
    <subfield code="a">Parker, Steve</subfield>
  </datafield>
  <datafield tag="245" ind1="1" ind2="0">
    <subfield code="a">C&#xF3;mo es la tierra /</subfield>
    <subfield code="c">Steve Parker ; ilustraciones Giuliano Fornari, Luciano Corbella ; traducci&#xF3;n Javier G&#xF3;mez Rea </subfield>
  </datafield>
  <datafield tag="250" ind1=" " ind2=" ">
    <subfield code="a">3a. ed.</subfield>
  </datafield>
  <datafield tag="260" ind1=" " ind2=" ">
    <subfield code="a">[Espa&#xF1;a] :</subfield>
    <subfield code="b">Plaza joven,</subfield>
    <subfield code="c">1990.</subfield>
  </datafield>
  <datafield tag="300" ind1=" " ind2=" ">
    <subfield code="a">64 p. :</subfield>
    <subfield code="b">il. ;</subfield>
    <subfield code="c">29 cm. </subfield>
  </datafield>
  <datafield tag="490" ind1="1" ind2=" ">
    <subfield code="a">Ventana al mundo</subfield>
  </datafield>
  <datafield tag="505" ind1="0" ind2=" ">
    <subfield code="t">El sorprendente paisaje terrestre --</subfield>
    <subfield code="t">La tierra en el espacio --</subfield>
    <subfield code="t">En el centro de la tierra --</subfield>
    <subfield code="t">La tierra cambia --</subfield>
    <subfield code="t">Formaci&#xF3;n de las monta&#xF1;as --</subfield>
    <subfield code="t">El perfil oce&#xE1;nico --</subfield>
    <subfield code="t">&#xA1;Terremoto! --</subfield>
    <subfield code="t">Un paisaje explosivo --</subfield>
    <subfield code="t">Rocas antiguas --</subfield>
    <subfield code="t">El tiempo en las rocas --</subfield>
    <subfield code="t">Conservado en piedra --</subfield>
    <subfield code="t">El tiempo cambia --</subfield>
    <subfield code="t">El agua da vueltas y m&#xE1;s vueltas --</subfield>
    <subfield code="t">La vida en el mundo --</subfield>
    <subfield code="t">Nuevas tierras --</subfield>
    <subfield code="t">Esculturas de la naturaleza --</subfield>
    <subfield code="t">El mundo subterr&#xE1;neo --</subfield>
    <subfield code="t">Paisaje helado --</subfield>
    <subfield code="t">Mares, mareas y playas --</subfield>
    <subfield code="t">Rocas vivas en el oc&#xE9;ano --</subfield>
    <subfield code="t">Misterios de la tierra --</subfield>
    <subfield code="t">Recursos naturales --</subfield>
    <subfield code="t">El cofre del tesoro --</subfield>
    <subfield code="t">La contaminaci&#xF3;n del planeta --</subfield>
    <subfield code="t">Energ&#xED;a natural --</subfield>
    <subfield code="t">Glosario --</subfield>
    <subfield code="t">&#xCD;ndice de nombres --</subfield>
  </datafield>
  <datafield tag="700" ind1="1" ind2=" ">
    <subfield code="a">Fornari, Giuliano</subfield>
    <subfield code="e">il.</subfield>
  </datafield>
  <datafield tag="700" ind1="1" ind2=" ">
    <subfield code="a">Corbella, Luciano</subfield>
    <subfield code="e">il.</subfield>
  </datafield>
  <datafield tag="700" ind1="1" ind2=" ">
    <subfield code="a">G&#xF3;mez Rea, Javier</subfield>
    <subfield code="e">trad.</subfield>
  </datafield>
  <datafield tag="830" ind1=" " ind2="0">
    <subfield code="a">Ventana al mundo</subfield>
  </datafield>
  <datafield tag="910" ind1=" " ind2=" ">
    <subfield code="a"> </subfield>
  </datafield>
  <datafield tag="942" ind1=" " ind2=" ">
    <subfield code="2">ddc</subfield>
    <subfield code="c">BK</subfield>
  </datafield>
  <datafield tag="945" ind1=" " ind2=" ">
    <subfield code="a">Inventariado, 2018 / YL</subfield>
  </datafield>
  <datafield tag="952" ind1=" " ind2=" ">
    <subfield code="0">0</subfield>
    <subfield code="1">0</subfield>
    <subfield code="2">ddc</subfield>
    <subfield code="4">0</subfield>
    <subfield code="7">0</subfield>
    <subfield code="8">CJ-G</subfield>
    <subfield code="a">BPMET</subfield>
    <subfield code="b">BPMET</subfield>
    <subfield code="d">2016-06-17</subfield>
    <subfield code="e">Donaci&#xF3;n</subfield>
    <subfield code="l">0</subfield>
    <subfield code="p">BPMSU16060233</subfield>
    <subfield code="r">2016-06-17</subfield>
    <subfield code="w">2016-06-17</subfield>
    <subfield code="y">BK</subfield>
  </datafield>
  <datafield tag="956" ind1=" " ind2=" ">
    <subfield code="a">Yngrid Lockward</subfield>
    <subfield code="b">10</subfield>
    <subfield code="c">BPMSU</subfield>
  </datafield>
  <datafield tag="999" ind1=" " ind2=" ">
    <subfield code="c">10427</subfield>
    <subfield code="d">10427</subfield>
  </datafield>
</record>
